000
00337 a2200157 4500
001
61746
020
_a
8508083866
040
_c
Anchieta - Pituba
100
_a
Azevedo, Ricardo
240
1
0
_a
Se eu fosse aquilo
_l
por
245
1
0
_a
Se eu fosse aquilo
300
_a
109
362
0
_a
2004
650
4
_a
Literatura juvenil
942
_c
BK
999
_c
61746
_d
61746